|
|
|
|
| LEADER |
00000naa0a2200000 4500 |
| 001 |
601868 |
| 005 |
20250221095958.0 |
| 035 |
|
|
|a (RuTPU)RU\TPU\tpu\27035
|
| 035 |
|
|
|a RU\TPU\tpu\27034
|
| 090 |
|
|
|a 601868
|
| 100 |
|
|
|a 20150402d2012 k y0rusy50 ca
|
| 101 |
0 |
|
|a rus
|
| 102 |
|
|
|a RU
|
| 200 |
1 |
|
|a Радиационно-термический синтез литий-титановых ферритов
|f А. П. Суржиков [и др.]
|
| 333 |
|
|
|a В фонде НТБ ТПУ отсутствует
|
| 463 |
|
|
|t Труды ХXII Международной конференции "Радиационная физика твердого тела" (Севастополь, 9-14 июля 2012 г.)
|v C. 671-679
|d 2012
|
| 610 |
1 |
|
|a труды учёных ТПУ
|
| 701 |
|
1 |
|a Суржиков
|b А. П.
|c физик
|c профессор Томского политехнического университета, доктор физико-математических наук
|f 1951-
|g Анатолий Петрович
|3 (RuTPU)RU\TPU\pers\22010
|9 9307
|
| 701 |
|
1 |
|a Васендина
|b Е. А.
|c специалист в области электротехники
|c доцент Томского политехнического университета, инженер, кандидат технических наук
|f 1975-
|g Елена Александровна
|3 (RuTPU)RU\TPU\pers\28171
|9 13129
|
| 701 |
|
1 |
|a Власов
|b В. А.
|c физик
|c старший научный сотрудник Томского политехнического университета, кандидат физико-математических наук
|f 1975-
|g Виталий Анатольевич
|3 (RuTPU)RU\TPU\pers\31366
|9 15538
|
| 701 |
|
1 |
|a Лысенко
|b Е. Н.
|c специалист в области электротехники
|c профессор Томского политехнического университета, доктор технических наук
|f 1972-
|g Елена Николаевна
|3 (RuTPU)RU\TPU\pers\26532
|9 12226
|
| 701 |
|
1 |
|a Казаковская
|b О. Г.
|
| 712 |
0 |
2 |
|a Национальный исследовательский Томский политехнический университет (ТПУ)
|b Институт неразрушающего контроля (ИНК)
|b Проблемная научно-исследовательская лаборатория электроники, диэлектриков и полупроводников (ПНИЛ ЭДиП)
|3 (RuTPU)RU\TPU\col\19033
|
| 712 |
0 |
2 |
|a Национальный исследовательский Томский политехнический университет (ТПУ)
|b Институт неразрушающего контроля (ИНК)
|b Кафедра физических методов и приборов контроля качества (ФМПК)
|3 (RuTPU)RU\TPU\col\18709
|
| 801 |
|
1 |
|a RU
|b 63413507
|c 20141023
|
| 801 |
|
2 |
|a RU
|b 63413507
|c 20150402
|g RCR
|
| 942 |
|
|
|c BK
|